| 000 | 00490nam a2200181Ia 4500 | ||
|---|---|---|---|
| 003 | OSt | ||
| 005 | 20240402101247.0 | ||
| 008 | 210210b1948 xxu||||| |||| 00| 0 eng d | ||
| 040 | _cAL | ||
| 041 | _aKannada | ||
| 082 | _a852/248 | ||
| 100 |
_aGAURISHA KAYKINI _dಗೌರೀಶ ಕಾಯ್ಕಿಣಿ _9157737 |
||
| 245 |
_aGandu Hennu _bಗಂಡು ಹೆಣ್ಣು |
||
| 260 |
_aGokarna _b- _c1948 |
||
| 690 |
_aKannada Prose _9157738 |
||
| 906 | _a018816 | ||
| 942 |
_2ddc _cBK |
||
| 999 |
_c142370 _d142370 |
||